[Event "FB21 2223 USV Halle - SC Rotation Pankow"]
[Site "?"]
[Date "2023.03.12"]
[Round "7.1"]
[White "Burchardt, Brigitte"]
[Black "Zhou, Lepu Coco"]
[Result "1-0"]
[WhiteElo "2143"]
[BlackElo "2034"]
[PlyCount "77"]
[EventDate "2023.??.??"]

1. e4 e6 2. d4 d5 3. exd5 exd5 4. Nf3 Nf6 5. Bd3 Bd6 6. O-O O-O 7. h3 Nbd7 8. Re1 c5 9. c3 c4 10. Bc2 Qc7 11. Nbd2 b5 12. Nf1 b4 13. cxb4 Bxb4 14. Bd2 Bxd2 15. Qxd2 Rb8 16. Rac1 Ba6 17. b3 Rfe8 18. Rxe8+ Rxe8 19. bxc4 Bxc4 20. Ne3 Nb6 21. Ne5 Qd8 22. Bb1 Bb5 23. Qc2 Nc4 24. N3g4 Ne4 25. Qb3 Nxe5 26. Nxe5 Qg5 27. Rd1 Bc4 28. Qa4 Nd6 29. Bd3 Bxd3 30. Nxd3 Qh5 31. Rc1 Qf5 32. Ne5 f6 33. Nf3 Rc8 34. Re1 Ne4 35. Qxa7 Rc2 36. Qb8+ Qc8 37. Qxc8+ Rxc8 38. Re2 Rc1+ 39. Kh2 1-0

[Event "FB21 2223 USV Halle - SC Rotation Pankow"]
[Site "?"]
[Date "2023.03.12"]
[Round "7.2"]
[White "Voigt, Anastasia"]
[Black "Jahn, Constanze"]
[Result "1/2-1/2"]
[WhiteElo "1814"]
[BlackElo "2008"]
[PlyCount "64"]
[EventDate "2023.??.??"]

1. e4 c5 2. Nf3 Nc6 3. d4 cxd4 4. Nxd4 e6 5. Nc3 Qc7 6. Be3 a6 7. Bd3 Ne5 8. O-O Nf6 9. h3 b5 10. Kh1 Bb7 11. f4 Nc4 12. Bxc4 Qxc4 13. Qd3 Rc8 14. e5 Nd5 15. Nxd5 Qxd5 16. Nf3 Be7 17. Qxd5 Bxd5 18. c3 O-O 19. Bd4 f5 20. b4 h6 21. Kh2 g5 22. g3 Kf7 23. Nd2 gxf4 24. Rxf4 d6 25. Nb3 dxe5 26. Bxe5 h5 27. Rd1 Bg5 28. Rff1 Rfd8 29. Rde1 Bc4 30. Rf2 Kg6 31. Bd4 Be7 32. Nc5 Bxc5 1/2-1/2

[Event "FB21 2223 USV Halle - SC Rotation Pankow"]
[Site "?"]
[Date "2023.03.12"]
[Round "7.3"]
[White "Wolf, Sylvia"]
[Black "Stowicek, Yara Mathilda"]
[Result "1/2-1/2"]
[WhiteElo "2012"]
[BlackElo "1731"]
[PlyCount "85"]
[EventDate "2023.??.??"]

1. e4 e5 2. d4 exd4 3. Qxd4 Nc6 4. Qe3 Nf6 5. Bd2 Be7 6. Nc3 d5 7. exd5 Nxd5 8. Nxd5 Qxd5 9. Nf3 O-O 10. c4 Qe6 11. Bd3 Qxe3+ 12. fxe3 Bf6 13. Rb1 Be6 14. b3 Rfe8 15. Bc2 Rad8 16. Rd1 Ne5 17. Ke2 Ng4 18. h3 Ne5 19. g4 g6 20. Be4 c6 21. Rhf1 Bg7 22. Nxe5 Bxe5 23. Bb4 Kg7 24. Kf3 f6 25. Bc5 a6 26. Bd4 Rd7 27. Bxe5 fxe5 28. Rxd7+ Bxd7 29. Rd1 Re7 30. Rd6 Be8 31. h4 Rf7+ 32. Kg3 Re7 33. c5 Kg8 34. b4 Kg7 35. Bd3 Kf8 36. Bc4 Kg7 37. Re6 Kf8 38. g5 Bd7 39. Rf6+ Kg7 40. Rd6 Kf8 41. Kf3 Kg7 42. Rf6 Bc8 43. Rd6 1/2-1/2

[Event "FB21 2223 USV Halle - SC Rotation Pankow"]
[Site "?"]
[Date "2023.03.12"]
[Round "7.4"]
[White "Petersen, Sophie"]
[Black "Mai, Iris"]
[Result "1/2-1/2"]
[WhiteElo "1694"]
[BlackElo "1948"]
[PlyCount "77"]
[EventDate "2023.??.??"]

1. e4 c5 2. Nf3 d6 3. Bb5+ Bd7 4. Bxd7+ Nxd7 5. O-O g6 6. c3 Bg7 7. d4 Qc7 8. Re1 e5 9. d5 Ne7 10. c4 h6 11. Nc3 O-O 12. Nb5 Qb8 13. Bd2 a6 14. Nc3 f5 15. a4 Nf6 16. Qc1 Kh7 17. Qc2 f4 18. h3 g5 19. Nh2 Ng6 20. Ne2 Qc8 21. Ra3 Rf7 22. f3 h5 23. Kh1 Bh6 24. Ng1 Qd7 25. a5 Rg8 26. Bc1 Bf8 27. Re2 Be7 28. Qa4 Qc8 29. Qc2 Bd8 30. Bd2 Rfg7 31. Be1 Nh8 32. b4 cxb4 33. Bxb4 Nf7 34. c5 Ne8 35. cxd6 Qxc2 36. Rxc2 Nfxd6 37. Ra1 Nb5 38. Ne2 Ned6 39. g3 1/2-1/2

[Event "FB21 2223 USV Halle - SC Rotation Pankow"]
[Site "?"]
[Date "2023.03.12"]
[Round "7.5"]
[White "Heyme, Sibylle"]
[Black "Eue, Vicky"]
[Result "1-0"]
[WhiteElo "1977"]
[BlackElo "1671"]
[PlyCount "89"]
[EventDate "2023.??.??"]

1. e4 d5 2. exd5 Qxd5 3. Nc3 Qd6 4. d4 Nf6 5. Nf3 Bg4 6. Be3 c6 7. Be2 Nbd7 8. O-O e6 9. a3 Qc7 10. Re1 Bd6 11. h3 Bf5 12. b4 O-O 13. Nh4 Ne4 14. Nxe4 Bxe4 15. c4 Be7 16. Nf3 Nb6 17. Rc1 a5 18. Qb3 axb4 19. axb4 Bf6 20. Ng5 Bg6 21. Bf3 Qd8 22. Ne4 Bxe4 23. Bxe4 Bxd4 24. Red1 e5 25. Bxd4 exd4 26. c5 Na4 27. Rc4 d3 28. Rxd3 Qf6 29. Rd6 Qe5 30. Qc2 f5 31. Bf3 Nb2 32. Rcd4 Ra1+ 33. Bd1 Qe1+ 34. Kh2 Nxd1 35. Qb3+ Kh8 36. Rd8 Ra8 37. Rxa8 Rxa8 38. Qxd1 Qe5+ 39. f4 Qc7 40. Rd6 h6 41. Qd4 Qf7 42. Rxh6+ Kg8 43. Rd6 Ra2 44. Rd7 Qb3 45. Qxg7# 1-0

[Event "FB21 2223 USV Halle - SC Rotation Pankow"]
[Site "?"]
[Date "2023.03.12"]
[Round "7.6"]
[White "Derling, Charlotte"]
[Black "Seils, Gudula"]
[Result "0-1"]
[WhiteElo "1656"]
[BlackElo "2022"]
[PlyCount "90"]
[EventDate "2023.??.??"]

1. e4 Nf6 2. e5 Nd5 3. d4 d6 4. c4 Nb6 5. exd6 exd6 6. Nc3 Nc6 7. Be3 Bf5 8. Nf3 Be7 9. Rc1 O-O 10. Be2 Bf6 11. O-O d5 12. c5 Nc8 13. a3 N6e7 14. b4 c6 15. a4 Bg4 16. h3 Bxf3 17. Bxf3 Nf5 18. Bg4 Nxe3 19. fxe3 Bg5 20. Qd3 Ne7 21. Rce1 Bh4 22. Re2 Qc7 23. e4 dxe4 24. Qxe4 Rad8 25. b5 h6 26. Bf3 Bf6 27. Rd1 Qa5 28. Qc2 Rxd4 29. Ne4 Rxd1+ 30. Qxd1 Nd5 31. Nxf6+ Nxf6 32. Qb3 Qc7 33. Rd2 Qe5 34. Qc2 Rc8 35. bxc6 bxc6 36. Rd6 Qe1+ 37. Kh2 Qe5+ 38. g3 Rb8 39. Rxc6 g6 40. Qd3 Rb2+ 41. Bg2 Nd5 42. Kh1 Qe1+ 43. Qf1 Qxg3 44. Rxg6+ Qxg6 45. Bxd5 Kf8 0-1

[Event "FB21 2223 SG 1871 Löberitz - SC Leipzig"]
[Site "?"]
[Date "2023.03.12"]
[Round "7.1"]
[White "Weimert, Miriam"]
[Black "Reizniece-Ozola, Dana"]
[Result "0-1"]
[WhiteElo "1896"]
[BlackElo "2269"]
[PlyCount "60"]
[EventDate "2023.??.??"]

1. e4 g6 2. d4 Bg7 3. Nf3 d6 4. c3 Nf6 5. Bd3 O-O 6. O-O c5 7. Re1 Bg4 8. Nbd2 cxd4 9. cxd4 Nc6 10. Qb3 Qb6 11. Qxb6 axb6 12. h3 Nb4 13. Bb1 Bxf3 14. Nxf3 Rfc8 15. Bd2 Nc2 16. Bxc2 Rxc2 17. Bc3 d5 18. e5 Ne4 19. Rxe4 dxe4 20. Ne1 Rxc3 21. bxc3 Bh6 22. Nc2 Bd2 23. a3 Bxc3 24. Rb1 Ba5 25. Rb3 Rc8 26. Nb4 Rc1+ 27. Kh2 Rd1 28. Nd5 Rxd4 29. Nxb6 Rd3 30. Rb5 Be1 0-1

[Event "FB21 2223 SG 1871 Löberitz - SC Leipzig"]
[Site "?"]
[Date "2023.03.12"]
[Round "7.2"]
[White "Rogule, Laura"]
[Black "Spangenberg, Romy"]
[Result "1-0"]
[WhiteElo "2247"]
[BlackElo "1853"]
[PlyCount "63"]
[EventDate "2023.??.??"]

1. c4 e5 2. g3 c6 3. Nf3 d6 4. Bg2 Nf6 5. Nc3 Be6 6. b3 h6 7. h3 Be7 8. Bb2 O-O 9. Qc2 Qc7 10. d4 a6 11. O-O c5 12. e3 exd4 13. exd4 d5 14. cxd5 Nxd5 15. Rac1 Nb4 16. Qe2 Qd7 17. Ne5 Qc7 18. d5 Bf5 19. a3 Bd6 20. axb4 Bxe5 21. bxc5 Nd7 22. b4 Rfe8 23. Qd2 Nf6 24. Rfe1 Bxg3 25. fxg3 Qxg3 26. Ne2 Qg6 27. Nf4 Qg5 28. Bxf6 gxf6 29. Qf2 Kh7 30. Kh2 Re4 31. Rxe4 Bxe4 32. Bxe4+ 1-0

[Event "FB21 2223 SG 1871 Löberitz - SC Leipzig"]
[Site "?"]
[Date "2023.03.12"]
[Round "7.3"]
[White "Herbrig, Marie-Helen"]
[Black "Berzina, Ilze"]
[Result "0-1"]
[WhiteElo "1869"]
[BlackElo "2166"]
[PlyCount "74"]
[EventDate "2023.??.??"]

1. d4 d5 2. Nf3 Nf6 3. Bf4 c5 4. e3 Nc6 5. c3 Qb6 6. b3 Bg4 7. Be2 e6 8. h3 Bh5 9. O-O Be7 10. Nbd2 O-O 11. Bd3 cxd4 12. exd4 Rac8 13. Rc1 Bg6 14. Bxg6 hxg6 15. Qe2 Ba3 16. Rb1 Nh5 17. Bh2 Be7 18. Rbc1 Qa5 19. Nb1 Qd8 20. Rfe1 Bd6 21. Ne5 Qc7 22. Kh1 Nxd4 23. Qe3 Nf5 24. Qe2 Nf6 25. Nd2 Rfe8 26. Ndf3 Ne4 27. c4 Qb6 28. Bg1 Bc5 29. Qb2 Bxf2 30. c5 Nfg3+ 31. Kh2 Bxg1+ 32. Nxg1 Qc7 33. Ngf3 f6 34. Nd3 Ne2+ 35. Kh1 N4g3+ 36. Kh2 Nf1+ 37. Kh1 Qh2+ 0-1

[Event "FB21 2223 SG 1871 Löberitz - SC Leipzig"]
[Site "?"]
[Date "2023.03.12"]
[Round "7.4"]
[White "Otikova, Elina"]
[Black "Lowke, Kathrin"]
[Result "0-1"]
[WhiteElo "2103"]
[BlackElo "1825"]
[PlyCount "186"]
[EventDate "2023.??.??"]

1. e4 c5 2. Nf3 g6 3. d4 cxd4 4. Qxd4 Nf6 5. e5 Nc6 6. Qh4 Nxe5 7. Nxe5 Qa5+ 8. Nc3 Qxe5+ 9. Be2 Bg7 10. O-O O-O 11. Bf4 Qa5 12. Rfe1 d6 13. Bg5 Be6 14. Nb5 a6 15. Nd4 Bd5 16. c4 Bc6 17. Bd3 Rfe8 18. a3 Qc7 19. Re3 Bd7 20. h3 d5 21. Rae1 dxc4 22. Bc2 Nd5 23. Rf3 e5 24. Ne2 f5 25. b3 e4 26. Rg3 c3 27. Rd1 Be6 28. Nf4 Nxf4 29. Bxf4 Qa5 30. Bh6 Be5 31. Bf4 Bg7 32. Bh6 Qxa3 33. Bxg7 Kxg7 34. Rxc3 Rac8 35. Qf4 Rxc3 36. Qe5+ Kf7 37. Qxc3 Rc8 38. Qd2 Qc5 39. Bb1 Bxb3 40. Ba2 Bxa2 41. Qxa2+ Qc4 42. Qb2 Qb5 43. Qa2+ Kg7 44. Qa1+ Kh6 45. Qf6 Qc6 46. Qh4+ Kg7 47. Qe7+ Kg8 48. g3 Re8 49. Rd8 Rxd8 50. Qxd8+ Kf7 51. Qh8 Qc1+ 52. Kg2 Qc6 53. Qxh7+ Ke8 54. Qh8+ Kd7 55. Qg7+ Kc8 56. Qh8+ Kc7 57. Qg7+ Kb8 58. Qh8+ Ka7 59. Qd4+ Qb6 60. Qc3 a5 61. Qa3 Ka6 62. g4 Qc6 63. Kg3 b5 64. gxf5 b4 65. Qe3 gxf5 66. Kf4 Qc5 67. f3 exf3 68. Qxf3 Qc4+ 69. Kg5 Qe4 70. Qf1+ Kb6 71. Qg1+ Kb5 72. Qf1+ Ka4 73. Qa1+ Kb3 74. Qxa5 Qg2+ 75. Kxf5 Qxh3+ 76. Ke4 Qc3 77. Qg5 Kb2 78. Qg1 Qc4+ 79. Kf5 b3 80. Ke5 Qc1 81. Qf2+ Kb1 82. Qf3 Qc5+ 83. Ke6 b2 84. Qh1+ Ka2 85. Qg2 Qb4 86. Ke5 Kb3 87. Qd5+ Qc4 88. Qd1+ Ka2 89. Qd2 Qc5+ 90. Ke6 Qc6+ 91. Ke5 Qc5+ 92. Ke6 Ka1 93. Qd1+ b1=Q 0-1

[Event "FB21 2223 SG 1871 Löberitz - SC Leipzig"]
[Site "?"]
[Date "2023.03.12"]
[Round "7.5"]
[White "Spangenberg, Pia"]
[Black "Ter-Avetisjana, Agnesa Stepania"]
[Result "0-1"]
[WhiteElo "1808"]
[BlackElo "1974"]
[PlyCount "106"]
[EventDate "2023.??.??"]

1. e4 c6 2. d4 d5 3. Nc3 dxe4 4. Nxe4 Bf5 5. Ng3 Bg6 6. Nf3 e6 7. Bf4 Bd6 8. Ne5 Nf6 9. c3 Nd5 10. Nxg6 hxg6 11. Bxd6 Qxd6 12. Qf3 Nf6 13. h3 Nbd7 14. O-O-O O-O-O 15. Bc4 Nb6 16. Bb3 Nbd5 17. Bxd5 Qxd5 18. Qxd5 cxd5 19. f3 Kd7 20. Ne2 g5 21. Kc2 Rh6 22. Nc1 Nh5 23. Nd3 Nf4 24. Rd2 Ke7 25. b3 Rc8 26. Nxf4 gxf4 27. Kd3 b5 28. Rb1 Kf6 29. a4 bxa4 30. bxa4 Rc7 31. a5 Rh8 32. Rb4 Rhc8 33. Rc2 Rc4 34. Rb7 R8c7 35. Rxc7 Rxc7 36. c4 dxc4+ 37. Rxc4 Rb7 38. Ke4 g5 39. Kd3 Rb1 40. Rc7 Rg1 41. Rxa7 Rxg2 42. a6 Rf2 43. Ra8 Rxf3+ 44. Kc2 Ra3 45. a7 f3 46. Kd2 Ra2+ 47. Ke1 Kf5 48. d5 exd5 49. Rd8 Rxa7 50. Rxd5+ Kf4 51. Rd4+ Ke3 52. Rd1 f5 53. Rb1 g4 0-1

[Event "FB21 2223 SG 1871 Löberitz - SC Leipzig"]
[Site "?"]
[Date "2023.03.12"]
[Round "7.6"]
[White "Schuster, Rebekka"]
[Black "Lorenz, Nicole"]
[Result "1/2-1/2"]
[WhiteElo "1805"]
[BlackElo "1884"]
[PlyCount "49"]
[EventDate "2023.??.??"]

1. e4 Nc6 2. d4 d5 3. e5 Bf5 4. Nf3 Qd7 5. Bb5 e6 6. O-O h5 7. Nh4 g6 8. c3 Be7 9. Nf3 h4 10. h3 Bxb1 11. Rxb1 Nh6 12. a4 a6 13. Be2 Qd8 14. b4 Nb8 15. b5 a5 16. c4 Nf5 17. c5 Nd7 18. Bd2 b6 19. cxb6 cxb6 20. Rc1 Rc8 21. Qb3 Rxc1 22. Rxc1 Nb8 23. Qc2 O-O 24. Qd3 Qd7 25. Qc2 1/2-1/2

[Event "FB21 2223 SZ Seeblick Dippoldiswalde - S"]
[Site "?"]
[Date "2023.03.12"]
[Round "7.1"]
[White "Gempe, Anet"]
[Black "Browning, Rebecca"]
[Result "1/2-1/2"]
[WhiteElo "1955"]
[BlackElo "1923"]
[PlyCount "99"]
[EventDate "2023.??.??"]

1. e4 e6 2. d4 d5 3. Nd2 c5 4. Ngf3 Nc6 5. exd5 exd5 6. c3 cxd4 7. Nxd4 Nxd4 8. cxd4 Bd6 9. Nf3 Ne7 10. Bd3 O-O 11. O-O Ng6 12. Re1 Bg4 13. h3 Be6 14. Ng5 Qf6 15. Nxh7 Kxh7 16. Qh5+ Kg8 17. Bg5 Qxd4 18. Rxe6 Qxd3 19. Rxd6 Qf5 20. Rd1 Qc2 21. Rd2 Qb1+ 22. Kh2 Qxa2 23. R6xd5 Rac8 24. Rd7 Qa6 25. Qf3 Ne5 26. Qxb7 Qg6 27. Be7 Rfe8 28. R7d6 Qf5 29. Bh4 Nc4 30. R6d5 Qf4+ 31. Bg3 Qxd2 32. Rxd2 Nxd2 33. h4 Nf1+ 34. Kh3 Nxg3 35. Kxg3 a5 36. Qb5 Ra8 37. h5 Reb8 38. Qe5 Rb6 39. f4 a4 40. Qe4 Rab8 41. Qxa4 Rxb2 42. Qc6 R2b6 43. Qc7 R6b7 44. Qd6 Rb3+ 45. Kh4 Re8 46. Qc6 Rbe3 47. g4 R3e6 48. Qb5 Rd8 49. g5 Re4 50. Kg4 1/2-1/2

[Event "FB21 2223 SZ Seeblick Dippoldiswalde - S"]
[Site "?"]
[Date "2023.03.12"]
[Round "7.2"]
[White "Peglau, Dora"]
[Black "Beltz, Martina"]
[Result "1-0"]
[WhiteElo "1882"]
[BlackElo "1903"]
[PlyCount "49"]
[EventDate "2023.??.??"]

1. d4 d5 2. c4 e6 3. Nc3 c6 4. e4 dxe4 5. Nxe4 Nf6 6. Nxf6+ Qxf6 7. Nf3 Nd7 8. Bd3 h6 9. O-O Bd6 10. b3 O-O 11. Bb2 e5 12. Re1 exd4 13. Bxd4 Qd8 14. Bc2 f5 15. Bxg7 Bxh2+ 16. Kxh2 Kxg7 17. Qd6 Rf6 18. Re7+ Kh8 19. Re6 Rxe6 20. Qxe6 Nf6 21. Qf7 Ng4+ 22. Kg1 Qb6 23. Qf8+ Kh7 24. Bxf5+ Bxf5 25. Qxf5+ 1-0

[Event "FB21 2223 SZ Seeblick Dippoldiswalde - S"]
[Site "?"]
[Date "2023.03.12"]
[Round "7.3"]
[White "Petri, Birgit"]
[Black "Peglau, Charis"]
[Result "0-1"]
[WhiteElo "1974"]
[BlackElo "1888"]
[PlyCount "92"]
[EventDate "2023.??.??"]

1. e4 c5 2. Nf3 e6 3. d4 cxd4 4. Nxd4 a6 5. c4 Nf6 6. Nc3 Bb4 7. Bd3 Nc6 8. Be3 Qc7 9. O-O d6 10. Rc1 Bxc3 11. Rxc3 Nxd4 12. Bxd4 e5 13. Be3 Ng4 14. Bc1 O-O 15. Bc2 Nf6 16. Qd3 Be6 17. b3 Rac8 18. Bb2 Rfd8 19. Kh1 Qc6 20. f3 Nh5 21. Qe3 Nf4 22. Bd1 b5 23. g3 Ng6 24. Be2 bxc4 25. bxc4 Rb8 26. Rb3 Nf8 27. Qa7 Rxb3 28. axb3 Ra8 29. Qe3 a5 30. Ra1 Nd7 31. Kg2 Nc5 32. Qc3 a4 33. b4 Nb3 34. Ra3 Nd4 35. Bf1 f5 36. exf5 Bxf5 37. c5 Rc8 38. Bc4+ Kh8 39. Bf1 dxc5 40. bxc5 h6 41. Qc4 Be6 42. Qxa4 Qxc5 43. Bd3 Nxf3 44. Ra1 Ng5 45. Re1 Qd5+ 46. Be4 Qd2+ 0-1

[Event "FB21 2223 SZ Seeblick Dippoldiswalde - S"]
[Site "?"]
[Date "2023.03.12"]
[Round "7.4"]
[White "Peglau, Mirjam"]
[Black "Lobe, Sandra"]
[Result "1-0"]
[WhiteElo "1927"]
[BlackElo "1803"]
[PlyCount "149"]
[EventDate "2023.??.??"]

1. c4 Nf6 2. Nc3 g6 3. g3 Bg7 4. Bg2 d6 5. e4 e5 6. Nge2 Be6 7. d3 O-O 8. O-O Qc8 9. b4 Bh3 10. Rb1 Bxg2 11. Kxg2 Nc6 12. b5 Ne7 13. Qb3 Nd7 14. Na4 Kh8 15. Be3 f5 16. f3 Nf6 17. Nac3 Qd7 18. a4 Neg8 19. a5 b6 20. a6 Rac8 21. Nd5 Nh6 22. Nb4 Nf7 23. Nc6 Ra8 24. Nc3 Nd8 25. Nb4 Ne6 26. Ncd5 Nc5 27. Qc2 Nxd5 28. exd5 Qf7 29. Qd2 Nd7 30. Bh6 Bxh6 31. Qxh6 Qg7 32. Qe3 Rfe8 33. Rfe1 Kg8 34. Re2 Nf6 35. Rbe1 Kf8 36. Nc6 Kg8 37. Qd2 Qf7 38. Nb4 Kg7 39. Na2 Re7 40. Nc3 Rae8 41. f4 Nd7 42. fxe5 dxe5 43. Na2 Kh8 44. Nb4 Nb8 45. Qc3 Qg7 46. c5 e4 47. Qxg7+ Kxg7 48. c6 Kf6 49. dxe4 fxe4 50. Kf2 Re5 51. Ke3 Rh5 52. Kd4 Kf7 53. Rf1+ Ke7 54. Rxe4+ Kd8 55. Rxe8+ Kxe8 56. Re1+ Kd8 57. Re2 Rf5 58. Nd3 Rf1 59. Rf2 Nxc6+ 60. dxc6 Rb1 61. Kc4 Ke7 62. Rf4 Rh1 63. h4 Rg1 64. g4 Rg3 65. g5 Re3 66. Rd4 Ke8 67. Nf4 Re1 68. Nd5 Rc1+ 69. Nc3 Rf1 70. Kb3 Rh1 71. Rd7 Rxh4 72. Rxc7 Kd8 73. Rxa7 Rg4 74. Rxh7 Kc8 75. a7 1-0

[Event "FB21 2223 SZ Seeblick Dippoldiswalde - S"]
[Site "?"]
[Date "2023.03.12"]
[Round "7.5"]
[White "Oswald, Lena"]
[Black "Peglau, Sarah"]
[Result "1-0"]
[WhiteElo "1812"]
[BlackElo "1791"]
[PlyCount "109"]
[EventDate "2023.??.??"]

1. e4 c6 2. d4 d5 3. Nc3 dxe4 4. Nxe4 Nd7 5. Nf3 Ngf6 6. Nxf6+ Nxf6 7. Bd3 Bg4 8. c3 e6 9. Be3 Bd6 10. Qc2 Bxf3 11. gxf3 Qc7 12. h4 O-O-O 13. O-O-O Nd5 14. Kb1 Kb8 15. Rhg1 g6 16. Rde1 c5 17. Be4 Nf4 18. dxc5 Bxc5 19. Qb3 Bb6 20. Rd1 Nh3 21. Rxd8+ Rxd8 22. Rf1 Rd7 23. Qb4 Qd8 24. Bc2 Nxf2 25. Bxf2 Bxf2 26. Qf4+ Ka8 27. Rxf2 e5 28. Qg5 f6 29. Qe3 g5 30. hxg5 fxg5 31. Kc1 h5 32. Rd2 Rxd2 33. Qxd2 Qf6 34. Be4 a6 35. Qd7 Qb6 36. Qe8+ Ka7 37. Qxe5 Qe3+ 38. Kc2 h4 39. Qd4+ Qxd4 40. cxd4 h3 41. f4 gxf4 42. Kd2 Kb6 43. Ke2 Kb5 44. d5 h2 45. Kf2 Kc5 46. Bh1 Kd6 47. Ke2 b6 48. Kd3 Ke5 49. b4 a5 50. bxa5 bxa5 51. a4 Kf5 52. Kd4 Kg4 53. Ke4 Kg3 54. d6 Kf2 55. Kxf4 1-0

[Event "FB21 2223 SZ Seeblick Dippoldiswalde - S"]
[Site "?"]
[Date "2023.03.12"]
[Round "7.6"]
[White "Peglau, Adelheid"]
[Black "Oswald, Hannah"]
[Result "0-1"]
[WhiteElo "1326"]
[BlackElo "1765"]
[PlyCount "106"]
[EventDate "2023.??.??"]

1. c4 e6 2. Nc3 Nf6 3. Nf3 d5 4. cxd5 exd5 5. d4 Be7 6. Bf4 O-O 7. e3 Bb4 8. Be2 Ne4 9. Rc1 Bf5 10. Qb3 a5 11. O-O c6 12. a3 Bxc3 13. bxc3 b5 14. a4 Bg4 15. Rfd1 Qb6 16. axb5 a4 17. Qb4 cxb5 18. Qxb5 Qxb5 19. Bxb5 a3 20. c4 a2 21. cxd5 Nc3 22. Rxc3 a1=Q 23. Rxa1 Rxa1+ 24. Bf1 Nd7 25. e4 Nf6 26. h3 Nxe4 27. Rc1 Rxc1 28. Bxc1 Bxf3 29. gxf3 Nf6 30. d6 Rd8 31. Ba3 Ne8 32. Bc4 Nxd6 33. Bxd6 Rxd6 34. d5 Kf8 35. Kh2 Ke7 36. Kg3 Rf6 37. Kg4 Kd6 38. f4 Rg6+ 39. Kf3 Rg1 40. Bb3 Ra1 41. Kg4 Ra3 42. Bc2 h6 43. Be4 g6 44. Kh4 Ra4 45. Bg2 Rxf4+ 46. Kg3 Rd4 47. f4 Ke7 48. h4 Rd3+ 49. Kf2 Kf6 50. Bf3 Kf5 51. Ke2 Ra3 52. h5 Kxf4 53. d6 Ra2+ 0-1

[Event "FB21 2223 TuS Coswig 1920 - SC Rochade Z"]
[Site "?"]
[Date "2023.03.12"]
[Round "7.1"]
[White "Wagner, Margarethe"]
[Black "Moses, Selina"]
[Result "0-1"]
[WhiteElo "1948"]
[BlackElo "1904"]
[PlyCount "54"]
[EventDate "2023.??.??"]

1. e4 c5 2. Nf3 d6 3. d4 cxd4 4. Nxd4 Nf6 5. Nc3 a6 6. Bd3 e6 7. f4 Qc7 8. g4 Nc6 9. Nxc6 bxc6 10. g5 Nd7 11. Na4 Nb6 12. Nxb6 Qxb6 13. c3 d5 14. Qe2 Bd6 15. f5 e5 16. exd5 cxd5 17. Be3 Qc7 18. Rf1 Bb7 19. a4 e4 20. Bg1 Be5 21. Bc2 a5 22. Qd2 f6 23. h4 Ba6 24. Qxd5 Bxc3+ 25. Kf2 Qf4+ 26. Kg2 Bxf1+ 27. Rxf1 Qg4+ 0-1

[Event "FB21 2223 TuS Coswig 1920 - SC Rochade Z"]
[Site "?"]
[Date "2023.03.12"]
[Round "7.2"]
[White "Timme, Karin"]
[Black "von Erichsen, Annegret"]
[Result "0-1"]
[WhiteElo "2072"]
[BlackElo "1958"]
[PlyCount "56"]
[EventDate "2023.??.??"]

1. d4 Nf6 2. c4 e6 3. Nf3 b6 4. a3 Bb7 5. Bg5 Be7 6. Nc3 O-O 7. Qc2 d5 8. Bxf6 Bxf6 9. cxd5 exd5 10. e3 Nd7 11. Be2 c5 12. dxc5 bxc5 13. O-O Rc8 14. Rad1 d4 15. Ne4 Bxe4 16. Qxe4 Re8 17. Qc2 dxe3 18. Bb5 Re7 19. fxe3 Qc7 20. Rfe1 Ne5 21. Bf1 Nxf3+ 22. gxf3 Rce8 23. e4 Bd4+ 24. Kh1 Qf4 25. Qd2 Qxf3+ 26. Bg2 Qb3 27. Re2 Rb8 28. Qf4 Qxd1+ 0-1

[Event "FB21 2223 TuS Coswig 1920 - SC Rochade Z"]
[Site "?"]
[Date "2023.03.12"]
[Round "7.4"]
[White "Moldenhauer, Antje"]
[Black "Dietrich, Mareike"]
[Result "1-0"]
[WhiteElo "1808"]
[BlackElo "1776"]
[PlyCount "77"]
[EventDate "2023.??.??"]

1. e4 c5 2. Nf3 d6 3. d4 cxd4 4. Nxd4 Nf6 5. Nc3 a6 6. Be2 Nbd7 7. O-O e6 8. f4 b5 9. a3 Bb7 10. Bf3 Qc7 11. Kh1 Be7 12. Qe1 Nb6 13. e5 Nfd5 14. Nxd5 Bxd5 15. Bxd5 Nxd5 16. Qg3 dxe5 17. fxe5 g6 18. Bh6 Bc5 19. c3 O-O-O 20. a4 bxa4 21. Rxa4 Nb6 22. Rxa6 Bxd4 23. cxd4 Rxd4 24. Qb3 Kb7 25. Rfa1 Qc5 26. Qf3+ Qd5 27. Qxf7+ Kc6 28. Rxb6+ Kxb6 29. Qa7+ Kc6 30. Ra6+ Kb5 31. Ra5+ Kc4 32. Rxd5 exd5 33. Qa4+ Kd3 34. Qd1+ Kc4 35. Qa4+ Kd3 36. Qd1+ Kc4 37. Qe2+ Kb3 38. Qe3+ Kc4 39. Qc3+ 1-0

[Event "FB21 2223 TuS Coswig 1920 - SC Rochade Z"]
[Site "?"]
[Date "2023.03.12"]
[Round "7.5"]
[White "Riemer-Nlula, Marion"]
[Black "Gebhardt, Christine"]
[Result "1/2-1/2"]
[WhiteElo "1818"]
[BlackElo "1711"]
[PlyCount "43"]
[EventDate "2023.??.??"]

1. e4 e6 2. d4 d5 3. exd5 exd5 4. Bd3 Nc6 5. c3 Bd6 6. Ne2 Nge7 7. Bf4 Bf5 8. Bxd6 Qxd6 9. Ng3 Bxd3 10. Qxd3 O-O 11. Nd2 Qe6+ 12. Qe2 Qxe2+ 13. Nxe2 Ng6 14. O-O Rae8 15. Ng3 f5 16. Rae1 f4 17. Nh5 Nd8 18. g3 fxg3 19. fxg3 Rxf1+ 20. Kxf1 Rxe1+ 21. Kxe1 Ne6 22. Nf3 1/2-1/2

[Event "FB21 2223 TuS Coswig 1920 - SC Rochade Z"]
[Site "?"]
[Date "2023.03.12"]
[Round "7.6"]
[White "Boehme-Ziska, Christine"]
[Black "Teichmann, Kerstin"]
[Result "1-0"]
[WhiteElo "1734"]
[BlackElo "1615"]
[PlyCount "67"]
[EventDate "2023.??.??"]

1. c4 d5 2. cxd5 Qxd5 3. Nc3 Qd8 4. Nf3 Nc6 5. g3 e5 6. Bg2 Nf6 7. d3 Bc5 8. O-O O-O 9. Bg5 h6 10. Bd2 Bf5 11. Rc1 Qe7 12. Nh4 Bd7 13. Nd5 Nxd5 14. Bxd5 Bh3 15. Re1 Qd6 16. Qb3 Nd4 17. Qc4 Bb6 18. Bxb7 Rad8 19. Bb4 Qf6 20. Bxf8 Rxf8 21. Nf3 Nf5 22. Be4 Nd6 23. Qc6 Rd8 24. a3 Bd7 25. Qc2 h5 26. Bc6 Bh3 27. Qc3 Nf5 28. Qxe5 Qg6 29. Be4 Bxf2+ 30. Kxf2 Qb6+ 31. Qc5 Qxb2 32. Bxf5 Bxf5 33. Qxf5 Qb6+ 34. Qc5 1-0